<?xml version="1.0" encoding="UTF-8"?>
<collection xmlns="http://www.loc.gov/MARC21/slim">
 <record>
  <leader>00485pamaa2200169   4500</leader>
  <controlfield tag="001">0000014724</controlfield>
  <controlfield tag="005">20051201090000.0</controlfield>
  <datafield tag="020" ind1="0" ind2="0">
   <subfield code="a">0335105971 </subfield>
  </datafield>
  <datafield tag="082" ind1=" " ind2=" ">
   <subfield code="a">320.101 IDE</subfield>
  </datafield>
  <datafield tag="090" ind1="0" ind2="0">
   <subfield code="a">JC131 </subfield>
   <subfield code="b">IDE</subfield>
  </datafield>
  <datafield tag="245" ind1="0" ind2="4">
   <subfield code="a">The IDEA of the modern state : </subfield>
   <subfield code="b">edited by Gregor McLennan, David Held and Stuart Hall.</subfield>
  </datafield>
  <datafield tag="260" ind1="0" ind2="0">
   <subfield code="a">Milton Keynes: </subfield>
   <subfield code="b">Open University, </subfield>
   <subfield code="c">1984.</subfield>
  </datafield>
  <datafield tag="300" ind1=" " ind2=" ">
   <subfield code="a">v, 248p.: </subfield>
   <subfield code="b">23cm.</subfield>
  </datafield>
  <datafield tag="650" ind1="0" ind2="0">
   <subfield code="a">State, The </subfield>
  </datafield>
  <datafield tag="700" ind1="1" ind2="1">
   <subfield code="a">McLennan, </subfield>
   <subfield code="h">Gregor </subfield>
  </datafield>
  <datafield tag="700" ind1="1" ind2="1">
   <subfield code="a">Held, </subfield>
   <subfield code="h">David </subfield>
  </datafield>
  <datafield tag="700" ind1="1" ind2="1">
   <subfield code="a">Hall, </subfield>
   <subfield code="h">Stuart </subfield>
  </datafield>
 </record>
</collection>
